000
00315nam a22001337a 4500
020
_a
1-85881-070-1
082
_a
823
_b
SIM/H
100
_a
FRANCESCA SIMON
245
_a
HORRID HENRY
_b
I HATE BROTHERS
260
_a
UNITED KINGDOM
_b
DOLPHIN
300
_a
96
650
_a
CHILDRENS STORY BOOK
_z
UNITED KINGDOM
942
_c
BK
999
_c
65
_d
65